000 00879nam a22002657a 4500
001 BR8002592
003 BR-BrBNA
005 20230928090605.0
007 ta
008 230509b bl.||||| |||| 00| 0 por d
040 _aBR-BrBNA
_bpor
_cBiblioteca Nacional de Agricultura
041 _a(Por)
072 _aU20
_b/G514
090 _ U20 BR8002592
110 1 _aAssociacao Profissional de Bibliotecarios Catarinenses, Florianopolis, SC (Brasil);
_9738
110 1 _aGrupo de Bibliotecarios em Informacao e Documentacao Agricola, Florianopolis, SC (Brasil)
_95434
245 1 _aGuia de bibliotecarios e bibliotecas agricolas do estado de Santa Catarina [Brasil]
260 3 _aFlorianopolis, SC (Brasil):
_c1980.
300 _a25 p.
650 _aDocumentacao
650 _aBiblioteca
650 _aSanta Catarina
909 _a202309
_bLucia
_c55
_dLucia Elande
942 _cBK
999 _c29520
_d29520